000 00785cam a2200253 a 4500
001 000008601
005 20200929161354.0
008 900823s1990 cu 000 f spa
040 _aDO-SdBNP
_bspa
_cLC
_dBNPHU
082 _aCu863.44
_bL864c
100 1 _aLópez Sacha, Francisco,
_d1950-
_923026
245 1 3 _aEl cumpleaños del fuego /
_cFrancisco López Sacha ; edición, Isel Rousseau.
260 _aLa Habana, (Cuba) :
_bLetras Cubanas,
_c1990.
300 _a416 p. ;
_c18 cm.
490 0 _aEspiral
650 4 _aNovela cubana
_92316
650 4 _aLiteratura cubana
_91483
650 4 _aFuego
_xNovela
_923027
650 4 _aViviendas
_xNovela
_923028
700 1 _aRousseau, Isel,
_eed.
_923029
830 0 _aEspiral
_914718
910 _aCatalogación derivada
049 _aBNGR
999 _c8371
_d8371